K interpretaci vnějšího valu na Levém Hradci
| Titel: | K interpretaci vnějšího valu na Levém Hradci |
|---|---|
| Verfasser: | |
| In: |
Archeologické rozhledy, Band 55 (2003), Seite 618-624 alle Artikel anzeigen |
| Veröffentlicht: | 2003 |
| Format: | Aufsatz |
| Sprache: | Tschechisch |
X
alg: 39516488 001A $01999:12-11-16 001B $01999:09-08-21 $t17:41:41.000 001C $06050:19-11-16 $t08:50:19.000 001D $01999:12-11-16 001U $0utf8 001X $00 002@ $0Aox 003@ $0395164885 007A $0395164885 $aHEB 007T $0Herdp27759 010@ $acze 011@ $a2003 021A $aK interpretaci vnějšího valu na Levém Hradci 028A $aBartošková $dAndrea 031A $d55 $h618-624 $j2003 039B $aIn $8--Abvc--. Archeologické rozhledy. - Praha, 1949-. - ISSN 0323-1267 $x200300000550000382 $9047286156 039T $8--Aax--Tomková, Kateřina. Levý Hradec v zrcadle archeologických výzkumů. - Praha : Archeologický ústav AV ČR, 2001. - 284 s., obr., fot. - ISBN 80-76124-31-2 $939550354X 045F $a900.94371 $eDDC23BSB 045F/01 $a900 045F/03 $g4371 045T $a6,14 $a6,11 $a6,12 lok: 39516488 78 exp: 39516488 78 1 #EPN 201B/01 $026-11-17 $t04:02:34.000 201U/01 $0utf8 203@/01 $0791470512 208@/01 $a12-11-16 $be 209A/01 $a/ $f000 $x00 220C/01 $aTitelaufnehmer: rb 220C/01 $aHerkunft: Hú Av Čr Praha 244Z/01 $#Tschechien $#Tschechische Republik $#Tschechische Republik $#Tschechenland $#Tschechei Tschechien $#Česká Republika $#Czech Republic $#ČR $74303381-7 $8--Tg1--Tschechien $x01 $9086659812 244Z/01 $2Trx $#Böhmen $#Bohemia $#Czechy $8--Trx--Čechy $x02 $9391188941 244Z/01 $2Trx $#arvustused $#recenzijos $#Reviews $#recenziók $#recenzje $#recenzie $#recenze $8--Trx--Rezensionen $x03 $9391357441 247C/01 $82080>Marburg/Lahn, Herder-Institut, Forschungsbibliothek, Bibliographieportal $9336309341
| LEADER | 00000caa a22000002c 4500 | ||
|---|---|---|---|
| 001 | 395164885 | ||
| 003 | DE-603 | ||
| 005 | 20210809174141.0 | ||
| 007 | tu | ||
| 008 | 161112s2003 xx |||| | u00||u|cze c | ||
| 035 | |a (DE-599)HEB395164885 | ||
| 040 | |a DE-603 |b ger |c DE-603 |d DE-603 | ||
| 041 | |a cze | ||
| 082 | 0 | 4 | |8 1\u |a 900.94371 |q DE-101 |2 23/BSB |
| 084 | |a 6,14 |a 6,11 |a 6,12 |2 ssgn | ||
| 085 | |8 1\u |b 900 | ||
| 085 | |8 1\u |z 2 |s 4371 | ||
| 100 | 1 | |a Bartošková, Andrea | |
| 245 | 0 | 0 | |a K interpretaci vnějšího valu na Levém Hradci |
| 264 | 0 | |c 2003 | |
| 773 | 0 | 8 | |i In |t Archeologické rozhledy |d Praha, 1949- |x 0323-1267 |g Band 55 (2003), Seite 618-624 |w (DE-603)047286156 |w (DE-600)205634-3 |
| 787 | 0 | 8 | |i Rezension von |a Tomková, Kateřina |t Levý Hradec v zrcadle archeologických výzkumů |d Praha : Archeologický ústav AV ČR, 2001 |h 284 s., obr., fot |z 8076124312 |w (DE-603)39550354X |
| 924 | 0 | |9 2080 |a (DE-603)791470512 |b DE-2080 |c HES |d d |g / | |


